000 00412nam a2200157Ia 4500
008 260407s2015 xx 000 0 und d
041 _aeng
082 _a303.4848954/PAT
_b12257
100 _aPRIF. V.B. PATIL
245 _a19 SHATKATIL MAHARASHTRAMADHILA SAMAJ SUDHARNECHA EITHAS
250 _a3RD
260 _aPUNE
_bK.SAGAR PUB HOUSE
_c2015
300 _a205p
650 _aGENERAL
650 _aGENERAL
999 _c1219749
_d1219749